Ancient Animal Mummies - Statistics

General Stats
  • This quiz has been taken 9 times
  • The average score is 3 of 8
Answer Stats
Picture Answer % Correct
Woolly Mammoth
88%
Dodo
75%
Homotherium
25%
Moa
25%
Cave Lion
13%
Steppe Bison
13%
Woolly Rhinoceros
13%
Arctic Ground Squirrel
0%
No matching quizzes found
Score Distribution
Percent of People with Each Score
Percentile by Number Answered
Your Score History
You have not taken this quiz